MDQL
is popping MORE tags! Check the
thread
!
Quizzes
Events
Quiz Creation
Community
Videos
Private Events
Remove Ads
Sign In
Join for FREE
Feedback
Dark Mode
Quiz Categories
Sports
Geography
Music
Movies
Television
Just For Fun
Miscellaneous
History
Literature
Language
Science
Gaming
Entertainment
Religion
Holiday
For Kids
Quiz Lab
Recent
Popular Today
Quiz Kudos Today
Editor Picks
Curator Picks
Quizzes by...
Day
Popularity
Type
Ratings
Length
Year
Community
Subscriptions
Recent Discussions
Orange Saloon
Badges
Playlists
Quests
Create
Leaderboards
Showdown
Live 5
Trivia Bingo
Activity
Puzzle Library
Sporcle Events
Private Events
Virtual Trivia
Globe League
Become a Host
Pub Owners
SporcleCon
Opinionation
Our Games
Videos
Blog
Mobile Apps
Partnerships
Remove Ads and Go Orange
Feedback
Sports
Athletes
MLB
NBA
NHL
NFL
Soccer
Sports Teams
WWE
NCAA
Football
Premier League
Basketball
Baseball
Hockey
Golf
Tennis
Cricket
Rugby
Auto Racing
Olympics
World Cup
Sports
Athletes
MLB
NBA
NHL
NFL
Soccer
Sports Teams
WWE
NCAA
Football
Premier League
Basketball
Baseball
Hockey
Golf
Tennis
Cricket
Rugby
Auto Racing
Olympics
World Cup
Random Quiz
Search Sporcle
×
Quiz Lab
Quiz Lab
Sports
team
Type in answers that appear in a list
Type in answers that appear in a list
Classic
Best Score? Go Orange.
ESPN's 30 for 30 Stats
Can you name the person, team or organization documented in each film?
By
sphenderson2008
10m
42 Questions
147 Plays
147 Plays
147 Plays
Comments
Comments
Give Quiz Kudos
Give Quiz Kudos
-
- Ratings
hide this ad
More Info
Replay
Link that replays current quiz
Next Quiz
Link to next quiz in quiz playlist
You Got
0%
They Got
Avg Score
36%
Avg Friend Score
Upgrade to see
Score Distribution
Jump to the score distribution portion of the page
Score
0/42
Timer
10:00
0
Plays Today
Title of Film
Subject
% Correct
Without Bias
Len Bias
76.9%
Muhammad and Larry
Muhammad Ali
75.5%
Run Ricky Run
Ricky Williams
74.1%
Jordan Rides the Bus
Michael Jordan
73.5%
Winning Time: (answer) vs. the New York Knicks
Reggie Miller
70.7%
June 17, 1994
OJ Simpson
64.6%
Pony Exce$$
SMU Mustang Football
59.2%
No Crossover: The Trial of (answer)
Allen Iverson
56.5%
Four Days in October
Boston Red Sox
52.4%
Four Days in October
New York Yankees
52.4%
King's Ransom
Wayne Gretzky
51.7%
Muhammad and Larry
Larry Holmes
48.3%
The Band that Wouldn't Die
Baltimore Colts Marching Band
47.6%
The U
Miami Hurricanes Football
46.3%
Small Potatoes: Who Killed The (answer)
USFL
45.6%
The Two Escobars
Pablo Escobar
45.6%
One Night in Vegas
Mike Tyson
44.2%
Straight Outta LA
Oakland Raiders
41.5%
One Night in Vegas
Tupac Shakur
38.8%
Once Brothers
Vlade Divac
37.4%
Fernando Nation
Fernando Valenzuela
35.4%
Title of Film
Subject
% Correct
The Best That Never Was
Marcus Dupree
30.6%
(answer): Catching Hell*
Steve Bartman
29.3%
Silly Little Game
Rotisserie Fantasy Baseball
28.6%
Once Brothers
Drazen Petrovic
26.5%
June 17, 1994
New York Rangers Stanley Cup
26.5%
The Two Escobars
Andres Escobar
25.2%
June 17, 1994
Arnold Palmer
23.8%
The House of (answer)
George Steinbrenner
22.4%
The 16th Man
South African Rugby
19%
(answer): Press Pause
Marion Jones
18.4%
June 17, 1994
US World Cup
18.4%
Guru of Go
Paul Westhead
15.6%
The Birth of Big Air
Matt Hoffman
15.6%
Into the Wind
Terry Fox
15%
Charismatic*
Charismatic
15%
Unmatched
Chris Evert
13.6%
The Legend of Jimmy the Greek
Jimmy 'The Greek' Snyder
12.9%
(answer): To the Limit
Tim Richmond
11.6%
Unmatched
Martina Navratilova
10.9%
Little Big Men
Kirkland Little League team
6.1%
Right to Play*
Johann Olav Koss
2%
Quiz Playlist
Details
Report
Send in Message
Add To Playlist
More Info:
* - Not an official part of the "30 for 30" series. These may or may not be aired at a later date.
Classic:
Type in answers that appear in a list
Quiz Source
Last Updated: Feb 16, 2017
Quiz Scoreboard
CHALLENGE
Sign Up to Join the Scoreboard
Show All
Scores
Hide
Comments
May contain spoilers
Recently Published
Find the 'City' Movie
by crazypaving
Movies
60s
5x2 Blitz: Bands
by SL_Kpop136
Music
30s
Colored Red Africa Blitz
by spor1
Geography
30s
More to Explore
Quiz From the Vault
Featured Blog Post
14 Easter Pick-up Lines to Find Eggs With
hide this ad
You Might Also Like...
Tags
ESPN
Organization
Person
subject
team
Today's Top Quizzes in Sports
Browse Sports
hide this ad
Today's Top Quizzes in team
Browse team
Top Contributed Quizzes in Sports
1
Les entraîneurs de l'OM et du PSG au 21e siècle
2
Les meilleurs buteurs des matchs entre le PSG et l’OM
3
Players with Multiple 50 Home Run Seasons
4
2022 World Cup Stars
5
Les joueurs passés par le PSG et l'OM
6
NBA Logic Puzzle 2.0
7
Criteria MLB: Left Handed Sluggers
8
MLB Players with Two .350 Batting Average Seasons
9
Top 10 NHL Goal Scorers of All Time
10
Who Hit More Homers?
Explore More
Trending Topics
NBA
Disney
Anime
Kpop
Crossword
Harry Potter
Marvel
WWE
NFL
The Office
Country
Pokémon
Song
Soccer
Puzzle
hide this ad
More By:
sphenderson2008
Quiz
Plays
Rating
Category
Featured
Created
Movie F-Bombs
646
4.67
Movies
Oct 17, 2009
Super Bowl History
327
4.67
Sports
Nov 9, 2009
Under Pressure
301
3.33
Music
Nov 1, 2009
State Inhabitants
256
4.00
Geography
Dec 27, 2009
'C' in Math
243
3.17
Science
Jan 27, 2011
Go to Creator's Profile
Score Distribution
Quiz Creator Spotlight
sphenderson2008
Follow
Send a Message
Quizzes Created
-
Created Quiz Play Count
-
More By This Creator
Popular Quizzes Today
1
Colored Red Africa Blitz
2
Find the 'City' Movie
3
Find the US States - No Outlines Minefield
4
5x2 Blitz: Bands
5
The Countries of the World
6
Find the US States
7
Find the Countries of Europe - No Outlines Minefield
8
US States
More Sports Quizzes
MLB: The Show Cover Athletes
Quiz Lab
Trending Quizzes
Colored Red Europe Blitz I
Colored Red Europe Blitz II
Colored Red Africa Blitz II
Colored Red Europe Blitz III
Colored Red Africa Blitz III
Recently Updated
How Do You Spell That?
pecheneg
Godzilla Movies
pecheneg
Grab Bag: 4-10 Letters
pecheneg
2024 March Madness Bracket
pecheneg
Famous TV Couples
Peacemaker
Champions League XIs: Real Madrid
pecheneg
Largest US Cities 1790-2010
pecheneg
Rides in Walt Disney World
pecheneg
Most Oscar Losses (Acting)
pecheneg
Beyoncé Albums
pecheneg
Trending Topics
Disney
Kpop
Crossword
Anime
Marvel
NBA
Harry Potter
Soccer
Pokémon
WWE
Song
Puzzle
The Office
NFL
Country
Your Account Isn't Verified!
In order to create a playlist on Sporcle, you need to verify the email address you used during registration. Go to your
Sporcle Settings
to finish the process.
Report this User
Report this user for behavior that violates our
Community Guidelines
.
Details:
Send Report
Go to the Sporcle.com Mobile Site →
Comments